भारत की महान नारियाँ / (Record no. 166370)
[ view plain ]
| 000 -LEADER | |
|---|---|
| fixed length control field | 00965nam a22002657a 4500 |
| 003 - CONTROL NUMBER IDENTIFIER | |
| control field | dpl |
| 005 - DATE AND TIME OF LATEST TRANSACTION | |
| control field | 20190722150215.0 |
| 008 - FIXED-LENGTH DATA ELEMENTS--GENERAL INFORMATION | |
| fixed length control field | 190722b ||||| |||| 00| 0 eng d |
| 010 ## - LIBRARY OF CONGRESS CONTROL NUMBER | |
| LC control number | B-303660 |
| 020 ## - INTERNATIONAL STANDARD BOOK NUMBER | |
| International Standard Book Number | 8189675036 |
| Terms of availability | 175.00 |
| 035 ## - SYSTEM CONTROL NUMBER | |
| System control number | B-303660 |
| 040 ## - CATALOGING SOURCE | |
| Original cataloging agency | DPL |
| Language of cataloging | HN |
| Transcribing agency | 0 |
| 082 ## - DEWEY DECIMAL CLASSIFICATION NUMBER | |
| Classification number | 920 |
| Item number | गुप्ता |
| 100 ## - MAIN ENTRY--PERSONAL NAME | |
| Personal name | गुप्ता, कमल नयन |
| 9 (RLIN) | 130 |
| 245 ## - TITLE STATEMENT | |
| Title | भारत की महान नारियाँ / |
| Statement of responsibility, etc | कमल नयन गुप्ता |
| 246 ## - VARYING FORM OF TITLE | |
| Title proper/short title | BHARAT KI MAHAN NARIYAN |
| Remainder of title | BY KAMAL NAYAN GUPTA |
| 260 ## - PUBLICATION, DISTRIBUTION, ETC. (IMPRINT) | |
| Place of publication, distribution, etc | जयपुर |
| Name of publisher, distributor, etc | माँडर्न बुक डिपो |
| Date of publication, distribution, etc | 2007 |
| 270 ## - ADDRESS | |
| Address | 266,चौड़ा रास्ता , जयपुर (राज.) |
| City | जयपुर |
| 300 ## - PHYSICAL DESCRIPTION | |
| Extent | 156 पृष्ठ. |
| Dimensions | 22 सेमी(सजिल्द) |
| 650 ## - SUBJECT ADDED ENTRY--TOPICAL TERM | |
| 9 (RLIN) | 43067 |
| 650 ## - SUBJECT ADDED ENTRY--TOPICAL TERM | |
| 9 (RLIN) | 43068 |
| 650 ## - SUBJECT ADDED ENTRY--TOPICAL TERM | |
| 9 (RLIN) | 43069 |
| 650 ## - SUBJECT ADDED ENTRY--TOPICAL TERM | |
| 9 (RLIN) | 43070 |
| 942 ## - ADDED ENTRY ELEMENTS (KOHA) | |
| Source of classification or shelving scheme | Dewey Decimal Classification |
| Koha item type | Hindi Books |
| Classification part | 920 |
| Call number suffix | गुप्ता |
No items available.
